| 000 | 02626cam a22005174i 4500 | ||
|---|---|---|---|
| 003 | PE-LiUPU | ||
| 005 | 20250731183404.0 | ||
| 008 | 171109s2012 pe a r 000 0 spa d | ||
| 020 | _a9786124057748 | ||
| 035 | _a(Sirsi) a240014 | ||
| 040 |
_aPE-LiUPU _bspa _cPE-LiUPU _erda |
||
| 041 | 1 |
_aspa _aeng |
|
| 049 | _aPRUA | ||
| 082 | 0 | 4 |
_a720.6 _bR73 _221 |
| 245 | 0 | 3 |
_aLas prácticas de la arquitectura : _b the practices of architecture / _cLuis Rodríguez Rivero, Wiley Ludeña Urquizo, editores. |
| 246 | _aPractices of architecture | ||
| 250 | _aPrimera edición. | ||
| 264 | 1 |
_aLima : _bPontificia Universidad Católica del Perú, _c2012. |
|
| 300 |
_a263 páginas : _bilustraciones ; _c23 centímetros. |
||
| 336 |
_atext _2rdacontent |
||
| 337 |
_aunmediated _2rdamedia |
||
| 338 |
_avolume _2rdacarrier |
||
| 490 | 0 | _aColección pedagogías | |
| 500 | _aSeminario 2011. | ||
| 500 | _atexto en español e ingles. | ||
| 505 | 0 | _aLima. Historia y urbanismo. Persistencias y cambios -- Wiley Ludeña Urquizo -- La repeticon como una forma de cambio -- Jacobo García Germán -- La enseñanza, la investigación y la práctica -- Claudio Vekstein -- La cosa de la arquitectura -- Petra Ceferin -- La teoria y la práctica en la arquitectura -- Marc Barani -- El recinto de luz -- Mauro Galantino -- Aprendido en traducción -- Peter Rich -- El cisma en la enseñanza de la teoria y la práctica -- Peter Buchanan -- El diseño Goncalo Byrne. | |
| 526 | _aP158 | ||
| 526 | _aP146 | ||
| 526 | _aP17 | ||
| 526 | _aP12 | ||
| 526 | _aP06 | ||
| 526 | 8 |
_iPrograma académico : _5PE-LiUPU |
|
| 541 | _g029-801; | ||
| 541 | _g029-799; | ||
| 650 | 0 | 4 |
_aArquitectura _xEstudio y enseñanza _vCongresos. |
| 650 | 0 | 4 |
_aArchitecture _xStudy and teaching _vCongresses . |
| 700 | 1 |
_aRodríguez Rivero, Luis, _eeditor. |
|
| 700 | 1 |
_aLudeña Urquizo, Wiley, _eeditor. |
|
| 710 | 2 | _aontificia Universidad Católica del Perú. | |
| 910 |
_adbm _bksl _cksl _d20171109 |
||
| 942 |
_2ddc _cBOOK |
||
| 994 |
_aC0 _bPEPRU |
||
| 596 | _a1 | ||
| 999 |
_a720.6 R73 _wLC _c25675 _i76773 _f2021-11-9 _g4 _lCCODEBUL1 _mBUL _p18.57 _r0 _sY _tBOOK _u2017-11-8 _xINGENIERIA _PP06 _0COMPRA _o.STAFF. Colección Ingeniería y Arquitectura _d25675 |
||
| 999 |
_a720.6 R73 _wLC _c2 _i77050 _f2021-11-9 _g4 _lCCODEBUL1 _mBUL _p17.94 _r0 _sY _tBOOK _u2017-11-15 _xINGENIERIA _PP06 _0COMPRA _o.STAFF. Colección Ingeniería y Arquitectura |
||
| 980 |
_81 _gALBERTO SANCHEZ Responsable de Automatización |
||